header

Soldiers at peace (Record no. 221277)

MARC details
000 -LEADER
fixed length control field 01384nam a2200337Ia 4500
100 1# - MAIN ENTRY--AUTHOR NAME
Personal name Schafer, Jessica.
245 10 - TITLE STATEMENT
Title Soldiers at peace
250 ## - EDITION STATEMENT
Edition statement 1st ed.
260 ## - PUBLICATION, DISTRIBUTION, ETC. (IMPRINT)
Place of publication New York :
Name of publisher Palgrave Macmillan,
Year of publication 2007.
300 ## - PHYSICAL DESCRIPTION
Number of Pages x, 244 p. :
Other physical details maps.
650 #0 - SUBJECT ADDED ENTRY--TOPICAL TERM
Topical Term Veterans
856 40 - ELECTRONIC LOCATION AND ACCESS
Uniform Resource Identifier http://site.ebrary.com/lib/rucke/Doc?id=10194117

No items available.

© 2026 Rongo University
Contact us: librarian | system librarian | Rongo university